00663 2200265 4500001002100000005001500021035002000036007000300056008004100059020002200100082000800122084001400130100001800144245003400162260006300196300003800259650001000297250000600307990001400313990001400327990001400341990001400355990001400369990001400383INLIS00000000003039020250826105236 a0010-1119000218ta250826 b 1 ind  a978-602-367-623-1 aFik aFik Nad k0 aNadine Naurra1 aKomik Next G : Science is Fun aBandung :bMuffin Graphics (PT. Cerita Anak Bangsa),c2019 a100 hlm :bIlus ;c14,4 x 20,8 cm 4aFiksi a- aB00820244 aB00820245 aB00820246 aB00820247 aB00820248 aB00820249